000 00284nam a2200133Ia 4500
100 _aRavish/ R/ Singh
942 _cBK
654 _aelectrical
245 _aElectrical Networks
260 _bNirali prakashan
_c1996
082 _a621.3192
_bSIN
300 _a424
546 _aENGLISH
999 _c21826
_d21826